000
00270nam a2200121 4500
040
_c
DLC
082
_a
920.1
_b
HUS
100
_a
Hussain, Shujaat
_9
24283
245
_a
My Life : A Memoir
260
_a
Islamabad
_b
NUST Press
_c
c2014
300
_a
p;129
942
_2
ddc
_c
BK
999
_c
531507
_d
531507